Normal view
MARC view
Entry Personal Name
001 - CONTROL NUMBER
- control field: 38170
003 - CONTROL NUMBER IDENTIFIER
- control field: dpl
005 - DATE AND TIME OF LATEST TRANSACTION
- control field: 20120104120230.0
008 - FIXED-LENGTH DATA ELEMENTS
- fixed length control field: 120104|||a|||||| | ||| d
040 ## - CATALOGING SOURCE
- Original cataloging agency: dpl
- Transcribing agency: dpl
100 ## - HEADING--PERSONAL NAME
- Personal name: Mehta, Deepa,
- Dates associated with a name: 1950-
- General subdivision: Criticism and interpretation.
670 ## - SOURCE DATA FOUND
- Source citation: Work cat.: (dpl)0: Jaidka, Manju 38169, A critical study of Deepa Mehta's trilogy :, 2011
670 ## - SOURCE DATA FOUND
- Source citation: Work cat.: (dpl)0: Jaidka, Manju 38169, A critical study of Deepa Mehta's trilogy :, 2011
